000 04413nab a2200313 i 4500
003 BR-BrBNA
005 20240131152224.0
008 240131b2018 bl.qr|pooa||| 00| 0 por |
040 _aBR-BrBNA
_bpor
072 _aK10
100 _aOliva, Elaine Vivian
100 _aReissmann, Carlos Bruno
100 _aMarques, Renato
100 _aBianchin, Jonas Eduardo
100 _aDalmaso, Cilmar Antônio
100 _aWinagraski, Etienne
245 _aFlorística e estrutura de duas comunidades arbóreas secundárias com diferentes graus de distúrbio em processo de recuperação
500 _aPublicação on-line; 45 ref.; 4 tables; 4 illus.; Summaries (En, Pt)
520 _a RESUMO Este trabalho teve como objetivo caracterizar a composição florística e a estrutura da comunidade arbórea de áreas em processo de recuperação ambiental no município de Bocaiúva do Sul-PR. A produção e divulgação de dados e informações sobre a florística e fitossociologia da cobertura florestal em duas áreas com condições ambientais e intervenções distintas é uma contribuição relevante para compreender a dinâmica na estrutura arbórea em áreas de recuperação ambiental. Para isso, foram selecionadas duas áreas com distintos graus de degradação: Floresta Secundária Inicial (FSI), área na qual houve corte raso, isto é, retirada das camadas superficiais do solo e revegetação com Mimosa scabrella Benth; e Floresta Secundária Avançada (FSA), que representa um fragmento de Floresta Ombrófila Mista em que houve exploração seletiva de espécies de interesse comercial. A amostragem da vegetação foi realizada em 10 parcelas de 150 m² em cada área (0,15 ha), nas quais foram mensurados todos os indivíduos arbóreos, incluindo as árvores mortas com circunferência a altura do peito (CAP) igual ou superior a 15 cm. Na FSI, foram amostradas 40 espécies pertencentes a 24 famílias, enquanto na FSA foram amostradas 57 espécies pertencentes a 27 famílias botânicas. Os resultados apontaram que a estrutura da vegetação na FSA é distinta da FSI, com menor densidade de árvores, maior área basal e diversidade florística. Palavras-chave: Fitossociologia; florestas secundárias; florestas de restauração; revegetação
520 _a ABSTRACT This work aimed to characterize the floristic composition and structure of the tree community of areas in the process of environmental recovery in the municipality of Bocaiuva do Sul, PR. The production and dissemination of data and information about floristic and phytosociology of forest cover in two areas with distinct environmental conditions and interventions, is a relevant contribution to understanding the dynamics in tree structure in areas of environmental recovery. For this, two areas with different degrees of degradation were selected: Initial Secondary Forest (FSI), area in which there was a clear cut, removal of the superficial layers of the soil and revegetation with Mimosa scabrella Benth; and Advanced Secondary Forest (FSA), which represents a fragment of Mixed Ombrophilous Forest where there was selective exploitation of species of commercial interest. Vegetation sampling was carried out in 10 plots of 150 m² in each area (0.15 ha), where all trees including dead trees with a diameter at breast height (DBH) equal or greater than 15 cm. In the FSI, 40 species belonging to 24 families were sampled, while in the FSA, 57 species belonging to 27 botanical families were sampled. The results showed that the vegetation structure in FSA is different from FSI, with lower tree density, higher basal area and floristic diversity. Keywords: Phytosociology; forest restoration; secondary forest; revegetation
650 _aFLORESTA
650 _aREVEGETAÇÃO
650 _aFLORESTA SECUNDÁRIA
650 _aCOMPOSIÇÃO BOTÂNICA
773 0 _04065
_9198128
_dSanta Maria-RS Universidade Federal de Santa Maria - Centro de Pesquisas Florestais.Departamento de Ciências Florestais. Programa de Pós-Graduação em Engenharia Florestal 1991
_o2023-437009
_tCiência Florestal (Brazil)
_x0103-9954; 1980-5098 (on-line)
_gv. 28(3) p. 1088-1103 (Jul-Sep 2018)
_wBR2023001514
856 _uhttps://periodicos.ufsm.br/cienciaflorestal/article/view/33465/pdf
942 _cAnalítica
999 _c298402
_d298402